O careless love /

Bibliographic Details
Main Author: Skidmore, Hobert Douglas, 1909-1969
Format: Book
Language:English
Published: Garden City, N. Y. : Doubleday, 1949.
Edition:[1st ed.].

MARC

Tag First Indicator Second Indicator Subfields
LEADER 00000cam a2200000 4500
001 in00000025510
005 20151007062451.0
008 750806s1949 nyu 00001 eng u
010 |a  49009556  
035 |a (OCoLC)01514717 
035 |9 AAD4968AM 
040 |c DZM  |d TXA  |d UtOrBLW 
049 |a TXAM  |c [169911] 
050 0 0 |a PZ3.S62815  |b O 
090 |a PS3537.K43  |b O22 1949 
092 |a 813  |b S628o 
100 1 |a Skidmore, Hobert Douglas,  |d 1909-1969. 
245 1 0 |a O careless love /  |c by Hobert Skidmore. 
250 |a [1st ed.]. 
264 1 |a Garden City, N. Y. :  |b Doubleday,  |c 1949. 
300 |a 253 pages ;  |c 21 cm. 
336 |a text  |b txt  |2 rdacontent 
337 |a unmediated  |b n  |2 rdamedia 
338 |a volume  |b nc  |2 rdacarrier 
999 |a MARS 
999 f f |s df333859-fb53-3601-9d89-142dbe0f4159  |i dd4c7364-1995-3acf-94fc-458b9c121700  |t 0 
952 f f |p ric  |a Texas A&M University  |b Rellis Campus  |c Joint Library Facility  |d Remote Storage  |t 0  |e PS3537.K43 O22 1949  |h Library of Congress classification  |i unmediated -- volume  |m A14801250906 
998 f f |a PS3537.K43 O22 1949  |t 0  |l Remote Storage